LEADER 00835nam0-2200289 --450 001 9910729700203321 005 20240122104946.0 020 $aIT$b61132 100 $a20230703d1961----kmuy0itay5050 ba 101 0 $aita 102 $aIT 105 $a 001yy 200 1 $a<>senso della storia nel pensiero cristiano$fJacques Leclercq 205 $a2. ed 210 $aMilano$cVita e pensiero$d1961 215 $a125 p.$d20 cm 610 0 $aStoria$aConcezione cristiana 676 $a261.6$v16 700 1$aLeclercq,$bJacques$f<1891-1971>$0159433 702 1$aMartinelli,$bAnna Maria 801 0$aIT$bUNINA$gREICAT$2UNIMARC 901 $aBK 912 $a9910729700203321 952 $aDFT A80 LECJ 01$b2023/1849$fFLFBC 959 $aFLFBC 996 $aSenso della storia nel pensiero cristiano$9915061 997 $aUNINA LEADER 02085nam 2200577 450 001 9910813630303321 005 20220927162100.0 010 $a1-78297-250-1 010 $a1-78297-252-8 035 $a(MiAaPQ)EBC7026828 035 $a(Au-PeEL)EBL7026828 035 $a(CKB)24148725500041 035 $a(EXLCZ)9924148725500041 100 $a20220927d2013 uy 0 101 0 $aeng 135 $aurcnu|||||||| 181 $ctxt$2rdacontent 182 $cc$2rdamedia 183 $acr$2rdacarrier 200 00$aCaring for digital data in archaeology $ea guide to good practice. /$fedited by Adam Brin, Francis P. McManamon, Kieron Niven 210 1$aOxford :$cOxbow Books,$d[2013] 210 4$d©2013 215 $a1 online resource (123 pages) 225 1 $aArchaeology Data Service and Digital Antiquity,$x1463-5194 311 08$aPrint version: Caring for Digital Data in Archaeology Havertown : Oxbow Books, Limited,c2013 9781782972495 320 $aIncludes bibliographical references. 327 $aDigital archiving : an introduction to this guide -- pt. 2. Planning for the creation of digital data -- pt. 3. Common digital objects. 410 0$aArchaeology Data Service and Digital Antiquity guides to good practice. 606 $aArchaeology$xData processing 606 $aDigital libraries$xManagement 606 $aArchival materials$xDigitization 606 $aArchaeology$xMethodology 606 $aDigital preservation 615 0$aArchaeology$xData processing. 615 0$aDigital libraries$xManagement. 615 0$aArchival materials$xDigitization. 615 0$aArchaeology$xMethodology. 615 0$aDigital preservation. 676 $a930.10285 702 $aBrin$b Adam 702 $aMcManamon$b Francis P. 702 $aNiven$b Kieron 712 02$aArchaeology Data Service, 712 02$aDigital Antiquity, 801 0$bMiAaPQ 801 1$bMiAaPQ 801 2$bMiAaPQ 906 $aBOOK 912 $a9910813630303321 996 $aCaring for digital data in archaeology$93996289 997 $aUNINA LEADER 02205oas 2200877 a 450 001 9910145819503321 005 20260218111341.0 035 $a(OCoLC)266989252 035 $a(CONSER) 2011250819 035 $a(CKB)991042754205408 035 $a(DE-599)2829633-3 035 $a(EXLCZ)99991042754205408 100 $a19981109b19982002 uy 101 0 $aeng 135 $aur|n||||||||| 181 $ctxt$2rdacontent 182 $cc$2rdamedia 183 $acr$2rdacarrier 200 10$aProceedings /$fAMIA ... Annual Symposium 210 $aPhiladelphia $cHanley & Belfus$d©1998-©2002 300 $aEach issue also has a theme title. 311 08$a1531-605X 517 1 $aAMIA annual symposium 517 1 $aAMIA symposium 606 $aMedical informatics$vCongresses 606 $aMedical Informatics Applications 606 $aComputer Communication Networks 606 $aMedical Informatics Computing 606 $aMedical informatics$2fast$3(OCoLC)fst01014175 608 $aConference Proceedings. 608 $aConference papers and proceedings.$2fast 608 $aPeriodicals.$2fast 615 0$aMedical informatics 615 12$aMedical Informatics Applications. 615 22$aComputer Communication Networks. 615 22$aMedical Informatics Computing. 615 7$aMedical informatics. 676 $a362 712 02$aAmerican Medical Informatics Association 801 0$bMoU 801 1$bCUD 801 2$bOCLCQ 801 2$bHTM 801 2$bOCLCQ 801 2$bBUF 801 2$bFQM 801 2$bOCLCS 801 2$bVRC 801 2$bOCLCQ 801 2$bOCLCA 801 2$bCOO 801 2$bOCLCO 801 2$bOCLCQ 801 2$bOCLCO 801 2$bOCLCF 801 2$bOCLCO 801 2$bOCLCQ 801 2$bUAB 801 2$bLIP 801 2$bOCLCO 801 2$bLND 801 2$bXFH 801 2$bOCLCQ 801 2$bAU@ 801 2$bOCLCO 801 2$bWYU 801 2$bVT2 801 2$bOCLCQ 801 2$bOCLCO 801 2$bOCLCQ 801 2$bOCLCL 801 2$bOCLCQ 906 $aJOURNAL 912 $a9910145819503321 996 $aProceedings$957126 997 $aUNINA